| 000 | 00335nam a2200109Ia 4500 | ||
|---|---|---|---|
| 005 | 20251222152702.0 | ||
| 008 | 251222s9999||||xx |||||||||||||| ||spa|| | ||
| 082 | _a352.14/A69 | ||
| 100 | _aÁrea de Desarrollo y Fortalecimiento de Capacidades Locales y Regionales | ||
| 245 | 0 | _aMódulos de Gestión Municipal Participativa | |
| 942 | _cLIB | ||
| 999 |
_c28876 _d28876 |
||